| 000 | 01169nam0a22002771 4500 | ||
|---|---|---|---|
| 001 | rc\4093566 | ||
| 005 | 20260406142209.0 | ||
| 021 |
_aRU _b[51-34105] |
||
| 035 | _a(NLR Aleph) 007972397 | ||
| 090 |
_a8467956 _c8467956 |
||
| 100 | _a20130415d1951 |||y0rusy50 ca | ||
| 101 | 0 | _arus | |
| 102 | _aRU | ||
| 105 | _ac z |||a| | ||
| 200 | 1 |
_aПовести _f[Предисл. С. Машинского, с. III-XXIII] |
|
| 210 |
_aМосква _aЛенинград _cГослитиздат _d1951 |
||
| 215 |
_aXXIII, 544 с., 1 л. портр. _d21 |
||
| 327 | 1 | _aСодерж.: Вечера на хуторе близ Диканьки; Миргород; Петербургские повести | |
| 464 | 0 |
_12001#$aВечера на хуторе близ Диканьки$aМиргород$aПетербургские повести _tПетербургские повести |
|
| 700 | 1 |
_8rus _7ca _aГоголь _bН. В. _f1809-1852 _gНиколай Васильевич _3RU\NLR\AUTH\773480 _9113476 |
|
| 702 | 1 |
_aМашинский _bС. _4080 |
|
| 801 | 0 |
_aRU _bNLR _gpsbo |
|
| 801 | 1 |
_aRU _bELAR _2rusmarc |
|
| 852 |
_aNLR _jЛ30 Г-3/2558 |
||
| 942 | _cBOOK | ||
| 980 | _aNB | ||